000 00459nam a2200157Ia 4500
999 _c34879
_d34879
003 GCL
005 20240530102833.0
008 140319s9999 xx 000 0 ara d
040 _aGCL /
_cGCL
082 0 4 _a153.15
_bر ب
100 _aرمزية الغريب
245 1 0 _aبياجية والتعلم الانسانى
_cرمزية الغريب
260 _a[S.N] :
_bمكتبة الانجلوالمصرية ،
_c1990
300 _a35 ص
942 _2ddc
_cBK